| 000 | 00837nam a2200193 a 4500 | ||
|---|---|---|---|
| 001 | 1244 | ||
| 003 | CDMR | ||
| 005 | 20151022113602.0 | ||
| 008 | 130130s1982||||||||||||||||||||||||||||d | ||
| 040 |
_aCDMR _bcat _cCDMR |
||
| 110 | 2 |
_9966 _aAsociación de Corresponsales y Colaboradores de Prensa Española (Barcelona, Catalunya) |
|
| 245 | 1 | 0 | _aEstudio sobre el Régimen Jurídico del derecho de libertad de expresión y propuesta de A.C.Y.C.P.E. sobre los proyectos legislativos en curso |
| 260 |
_aBarcelona _c1982 _bAsociación de Corresponsales y Colaboradores de Prensa Española |
||
| 300 |
_a24 p. _c30 cm |
||
| 650 | 0 | 4 |
_94383 _aPremsa _xDret i legislació _zEspanya |
| 650 | 0 | 4 |
_93073 _aLlibertat d'expressió |
| 710 | 2 |
_9966 _aAsociación de Corresponsales y Colaboradores de Prensa Española (Barcelona, Catalunya) |
|
| 942 |
_cMON _2udc |
||
| 999 |
_c1244 _d1244 |
||